7 Letter World Capitals Quiz Stats

 Plays Quiz not verified by Sporcle

Support Sporcle.
Go Orange.
Score 0/25 Timer 02:00
0 Plays Today
Country Capital City % Correct
AlgeriaAlgiers
95.9%
ChinaBeijing
95%
IraqBaghdad
94.2%
ThailandBangkok
91.7%
VenezuelaCaracas
87.6%
IndonesiaJakarta
86.8%
KenyaNairobi
85.1%
CyprusNicosia
84.3%
LibyaTripoli
81%
EstoniaTallinn
80.2%
KyrgyzstanBishkek
79.3%
Sao Tome & PrincipeSao Tome
79.3%
NicaraguaManagua
78.5%
Country Capital City % Correct
GeorgiaTbilisi
78.5%
LithuaniaVilnius
78.5%
Costa RicaSan Jose
77.7%
UgandaKampala
73.6%
GuineaConakry
69.4%
ArmeniaYerevan
69.4%
Solomon IslandsHoniara
64.5%
BhutanThimphu
63.6%
SwazilandMbabane
61.2%
Antigua BarbudaSt. John's
57.9%
CameroonYaounde
57.9%
MicronesiaPalikir
55.4%

You're not logged in!

Compare scores with friends on all Sporcle quizzes.
OR
Log In

From the Vault

Populous UK Cities (A-Z)

by peanut4

Apparently, no one in the U.K. likes living in a town that starts with 'F'.
Remove Ads.
Support Sporcle.
Get the best of Sporcle when you Go Orange. This ad-free experience offers more features, more stats, and more fun while also helping to support Sporcle. Thank you for becoming a member.

Show Comments

Extras

Top Quizzes Today


Score Distribution

Your Account Isn't Verified!

In order to create a playlist on Sporcle, you need to verify the email address you used during registration. Go to your Sporcle Settings to finish the process.

Report this User

Report this user for behavior that violates our Community Guidelines.

Details: